000 00766 a2200181 4500
003 Nust
005 20170207153549.0
040 _cNust
082 _a621.382
100 _aAlbusaidy, Ahmed Salim (MSEE-3)
245 _aCapacity enhancemenet of 2 Mbps (30 channels) PCM stream to 120 channels using ADPCM technique
_cAhmed Salim Albusaidy
260 _bMCS
_cMay, 1999
300 _a107 p
505 _aIntroduction (page-1), Digitization of the speech waveform (page-10), Adaptive differential pulse code modulation (page-38), Digital transmission sys (page-59), ADPCM implementation (page-71), Performance analysis and application (page-84), Conclusion and recommendations (page-93).
538 _aAlmirah no 72 shelf no. 1
650 _aMSEE Thesis
651 _aMSEE-3
942 _cTHS
999 _c188788
_d188788